<?xml version="1.0" encoding="UTF-8"?>
<collection xmlns="http://www.loc.gov/MARC21/slim">
  <record>
    <leader>00000nam  2200000   4500</leader>
    <controlfield tag="001">INLIS000000000018255</controlfield>
    <controlfield tag="005">20240923103048</controlfield>
    <datafield tag="035" ind1="#" ind2="#">
      <subfield code="a">0010-0924000084</subfield>
    </datafield>
    <controlfield tag="007">ta</controlfield>
    <controlfield tag="008">240923###########################0######</controlfield>
    <datafield tag="245" ind1="#" ind2="#">
      <subfield code="a">TENTARA SORONG :</subfield>
      <subfield code="b">Terintegrasi Online, Efisien dan Nyaman dalam Pendaftaran Administrasi Kependudukan /</subfield>
      <subfield code="c">Johny Michael, S.E.,M.AP</subfield>
    </datafield>
    <datafield tag="260" ind1="#" ind2="#">
      <subfield code="a">Makassar :</subfield>
      <subfield code="b">Puslatbang KMP LAN RI,</subfield>
      <subfield code="c">2023</subfield>
    </datafield>
    <datafield tag="300" ind1="#" ind2="#">
      <subfield code="a">20 ;</subfield>
      <subfield code="c">30</subfield>
    </datafield>
    <datafield tag="650" ind1="#" ind2="4">
      <subfield code="a">Administrasi Kependudukan</subfield>
    </datafield>
    <datafield tag="700" ind1=" " ind2="#">
      <subfield code="a">MIlawaty, S.S., M.M (Coach)</subfield>
    </datafield>
    <datafield tag="700" ind1=" " ind2="#">
      <subfield code="a">Edi Siswanto, S.Sos., M.Si (Mentor)</subfield>
    </datafield>
    <datafield tag="520" ind1="#" ind2="#">
      <subfield code="a">Dalam era digitalisasi dan teknologi informasi yang semakin berkembang pesat, pemerintah dan instansi-instansi pelayanan publik diberbagai negara semakin beralih ke sistem pendaftaran dan layanan online. salah satu sektor yang mengalami transformasi signifikan adalah pendaftaran administrasi kependudukan. Pendaftaran administrasi kependudukan merupakan proses penting dalam mengelola dan menyediakan informasi tentang penduduk suatu negara, yang mencakup data-data vital seperti identitas, alamat, status pernikahan, dan lain sebagainya. Penerapan sistem pendaftaran administrasi kependudukan secara online memiliki potensi untuk memberikan berbagai manfaat, termasuk peningkatan efisiensi, akurasi data, dan kenyamanan bagi masyarakat. Sebagai wilayah yang terletak di Provinsi Papua Barat Daya, Kabupaten Sorong memiliki kekhasan geografis dan demografis yang dapat mempengaruhi akses masyarakat terhadap layanan pemerintah. Terdiri dari beragam suku dan komunitas, Kabupaten Sorong menghadapi tantangan dalam menyediakan layanan administrasi yang merata, efisien,dan responsif terhadap kebutuhan setiap individu. Faktor geografis, seperti jarak dan kondisi infrastruktur, dapat membatasi akses masyarakat terutama di daerah-daerah terpencil. Penerimaan berkas secara konvensional (offline) seringkali melibatkan proses yang memakan waktu, biaya, dan tenaga. Warga harus datang ke kantor pelayanan untuk mengambil, mengisi, dan mengembalikan berkas, yang seringkali mengakibatkan antrean panjang dan penggunaan sumber daya yang berlebihan. Selain itu, kesalahan manusia dalam pencatatan data juga dapat terjadi, mengakibatkan informasi yang tidak akurat,Semua hal ini berkontribusi pada keterlambatan dalam memberikan pelayanan yang efektif dan terkadang mengakibatkan ketidakpuasan masyarakat. Penerapan sistem penerimaan berkas online di Kabupaten Sorong memiliki potensi untuk mengatasi sejumlah tantangan tersebut. Dengan menghadirkan platform online, warga tidak lagi perlu datang secara fisik untuk mengurus berkas administrasi. Mereka dapat mengisi formulir, mengunggah dokumen, dan melacak proses pengajuan dari kenyamanan rumah atau lokasi mana pun yang memiliki akses internet. Ini tidak hanya menghemat waktu dan biaya bagi warga, tetapi juga membantu mengurangi kemungkinan kesalahan manusia yang sering terjadi pada proses konvensional. Pendaftaran administrasi kependudukan yang terintegrasi online, efisien, dan nyaman di Kabupaten Sorong merupakan sebuah solusi yang cerdas dan strategis dalam mening katkan efisiensi dan aksesibilitas layanan publik. Langkah ini tidak hanya akan memberikan manfaat bagi masyarakat, tetapi juga mendorong terciptanya pemerintahan yang lebih modern, responsif, dan inklusif di era digital yang terus berkembang.</subfield>
    </datafield>
    <datafield tag="856" ind1="#" ind2="#">
      <subfield code="a">Puslatbang KMP LAN RI Makassar</subfield>
    </datafield>
  </record>
</collection>
